Normal view
MARC view
Entry Topical Term
001 - CONTROL NUMBER
- control field: 54831
003 - CONTROL NUMBER IDENTIFIER
- control field: OSt
005 - DATE AND TIME OF LATEST TRANSACTION
- control field: 20241003155346.0
008 - FIXED-LENGTH DATA ELEMENTS
- fixed length control field: 241003|| aca||aabn | a|a d
040 ## - CATALOGING SOURCE
- Original cataloging agency: OSt
- Transcribing agency: OSt
150 ## - HEADING--TOPICAL TERM
- Topical term or geographic name entry element: ဗုဒ္ဓဘာသာ
- General subdivision: သင်ယူခြင်းနှင့် သင်ကြားခြင်း
670 ## - SOURCE DATA FOUND
- Source citation: Work cat.: (OSt)16778: မောင်လွန်း၊ ဥုး၊ ဆရာကြီး (ဓမ္မာစရိယ) 54830, ဗုဒ္ဓဘာသာ(၅)ဆင့်သင်တန်း /, ၁၉၇၈။